00580nam a2200157 a 450000500170000000800410001702000180005805000180007610000190009424500820011326000360019530000300023165000320026199900190029395201100031220140412111304.0001116s19uu xx 00 eng d a0-307-11740-5 aERbMo71 1989 aMartin, Ann M. aMoving day in Feather town /cby Ann M. Martin ; illustrated by Henry Martin. aNew York :bGolden Book,c1989. a1 v. (unp.) ; col. ; ill. aMoving household -- Fiction c103562d103562 00104050aELbELcERd2000-11-16eDonationl0oER Mo71 1989pE5282r2014-04-12 00:00:00w2014-04-12yBK